UFC TITLE FIGHTS OF 2024 - Statistics

General Stats
  • This quiz has been taken 3,696 times
  • The average score is 24 of 28
Answer Stats
Answer % Correct
Alex Pereira
94%
Alex Pereira
94%
Alex Pereira
94%
Ilia Topuria
93%
Jon Jones
92%
Merab Dvalishvili
92%
Alex Volkanovski
91%
Dricus Du Plessis
91%
Dricus Du Plessis
91%
Sean O'Malley
91%
Sean O'Malley
91%
Sean Strickland
91%
Israel Adesanya
90%
Alexandre Pantoja
88%
Alexandre Pantoja
88%
Islam Makhachev
88%
Max Holloway
88%
Stipe Miocic
84%
Jamahal Hill
83%
Jiri Prochazka
82%
Ilia Topuria
81%
Leon Edwards
81%
Belal Muhammad
78%
Dustin Poirier
77%
Khalil Rountree
76%
Marlon Vera
73%
Kai Asakura
65%
Steve Erceg
56%
No matching quizzes found
Score Distribution
Percent of People with Each Score
Percentile by Number Answered
Your Score History
You have not taken this quiz